| 000 | 00545nam a22001937a 4500 | ||
|---|---|---|---|
| 005 | 20231207114804.0 | ||
| 008 | 230814b |||||||| |||| 00| 0 eng d | ||
| 020 |
_a9789387280373 _cRs.399.00 |
||
| 040 | _aLoreto college | ||
| 041 | _aEnglish | ||
| 082 |
_a915.4 _bBOS |
||
| 245 |
_aPeople called Kolkata _b55 stories from the resilient city _ccurated by Kamalika Bose |
||
| 260 |
_aNew Delhi _bPenguin Random House _c2019 |
||
| 300 |
_a303p. _b21cm. |
||
| 650 | _zKolkata | ||
| 700 |
_4ed. _aBose, Kamalika |
||
| 850 | _aLCLIB | ||
| 942 | _cBK | ||
| 999 |
_c43416 _d93895 |
||